000 00807nam a22002177a 4500
008 160927b xxu||||| |||| 00| 0 eng d
020 _a0066620538
020 _a9780066620534
050 _aHD 30.28
_b.J46 2001
100 _aJennings, Jason
245 _aIt's not the big that eat the small... it's the fast that eat the slow :
_bhow to use speed as a competitive tool in business/
_cJason Jennings and Laurence Haughton.
260 _aNew York :
_bHarper-Collins Publishers ;
_c2001.
300 _avii, 262p. :
_bill. ;
_c23cm.
500 _aIncludes index.
650 _aStrategic planning.
650 _aCompetition.
650 _aTime
_xeconomic aspects.
650 _aCreative ability in business.
700 _aHaughton, Laurence
942 _2lcc
_cBOOKS
_hHD 30.28 .J46 2001
999 _c14135
_d14135